| 000 | 00416nam a22001577a 4500 | ||
|---|---|---|---|
| 003 | OSt | ||
| 005 | 20211012115120.0 | ||
| 008 | 211012b |||||||| |||| 00| 0 eng d | ||
| 020 | _a978-1-63239-578-8 | ||
| 040 | _cHAWASSA UNIVERSITY | ||
| 050 |
_a338.94/PLA _b2 |
||
| 082 |
_a338.94/PLA _b2 |
||
| 245 | _aSUSTAINABLE DEVELOPMENT IN EVIRONMENT | ||
| 260 |
_aNEW YORK _bCALLISTO REFRENCE _c2015 |
||
| 942 |
_2ddc _cBOOKS _n0 |
||
| 999 |
_c11870 _d11870 |
||